000 00714nam a22002177a 4500
005 20251108174704.0
008 250721s9999 xx 000 0 ara d
020 _a9953720606
082 1 4 _a613.25/ديم
100 1 _aديمولان، شانتال
_eمؤلف
245 1 0 _aالرشاقة بعد الولادة : تمارين و نصائح /
264 1 _aبيروت :
_bدار القلم للطباعة و النشر و التوزيع،
_c[200-].
300 _a127 ص.
490 0 _aالأهل
650 1 7 _aالولاده
650 1 7 _aتقليص الوزن
700 1 _aالرقا، مصطفى
_eمترجم
700 1 _aالكردي، بسام
_eمترجم
942 _2ddc
_cBK
999 _c115513
_d115513